| 000 | 01038nam a2200277Ia 4500 | ||
|---|---|---|---|
| 003 | GCL | ||
| 008 | 140319s9999 xx 000 0 ara d | ||
| 040 |
_aGCL / _cGCL |
||
| 082 | 0 | 4 |
_aم _b953 _bأ م |
| 100 | 1 | _aاحمد شلبى | |
| 245 | 1 | 0 |
_aموسوعة التاريخ الاسلامى والحضارة الاسلامية ( مج 2 ) : _bالدولة الاموية والحركات الفكرية والثورية خلالها / _cاحمد شلبى |
| 250 | _aالثامنة | ||
| 260 |
_aالقاهرة : _bمكتبة النهضة المصرية ، _c1994 |
||
| 300 |
_a316 ص ؛ _c24 سم |
||
| 650 | 0 | 4 | _aالخوارج |
| 650 | 0 | 4 | _aالتاريخ الاسلامى |
| 650 | 0 | 4 | _aالدولة الاموية |
| 650 | 0 | 4 | _aالشيعة |
| 650 | 0 | 4 | _aالحضارة الاسلامية |
| 650 | 0 | 4 | _aالمعتزلة |
| 650 | 0 | 4 | _aعبدالله بن الزبير |
| 650 | 0 | 4 | _aالمرجئة |
| 650 | 0 | 4 | _aالجبرية |
| 650 | 0 | 4 | _aالتاريخ الاسلامى - الدولة الاموية |
| 942 |
_2ddc _cBK |
||
| 999 |
_c7864 _d7864 |
||